000 00747nam a2200253Ia 4500
003 OSt
005 20220928124344.0
006 a|||||r|||| 00| 0
007 ta
008 220927b |||||||| |||| 00| 0 eng d
024 _a28739
037 _cTextual
040 _aSDCL
_cSDCL
_beng
041 _2eng
_aeng
082 _aX9, M3
100 _aNaylor Thomas H
_9464599
245 0 _aManagrial economics
_b Corporate economics and strategy
260 _aAuckland
_bMcgraw-Hill International Book Co.
_c1983
300 _axv443p
_ccm.
700 _a Vernon John M
_9464600
700 _a Wertz Kenneth L
_9464601
942 _hX9, M3
_cTEXL
_2CC
999 _c777492
_d777492